The geography of South Dakota ; (Record no. 26023)
[ view plain ]
| 000 -LEADER | |
|---|---|
| fixed length control field | 01138cam a22002771a 4500 |
| 001 - CONTROL NUMBER | |
| control field | gs 20000315 |
| 003 - CONTROL NUMBER IDENTIFIER | |
| control field | DLC |
| 005 - DATE AND TIME OF LATEST TRANSACTION | |
| control field | 20260227111324.0 |
| 008 - FIXED-LENGTH DATA ELEMENTS--GENERAL INFORMATION | |
| fixed length control field | 941012s1918 sdu 000 0 eng |
| 010 ## - LIBRARY OF CONGRESS CONTROL NUMBER | |
| LC control number | gs 20000315 |
| 035 ## - SYSTEM CONTROL NUMBER | |
| System control number | (OCoLC)31273124 |
| 040 ## - CATALOGING SOURCE | |
| Original cataloging agency | DLC |
| Transcribing agency | MsSM |
| Modifying agency | NNBG |
| -- | DLC |
| 042 ## - AUTHENTICATION CODE | |
| Authentication code | premarc |
| 050 00 - LIBRARY OF CONGRESS CALL NUMBER | |
| Classification number | QE163 |
| Item number | .A3 no. 8 |
| 100 1# - MAIN ENTRY--PERSONAL NAME | |
| Personal name | Visher, Stephen Sargent, |
| Dates associated with a name | 1887-1967. |
| 245 14 - TITLE STATEMENT | |
| Title | The geography of South Dakota ; |
| Remainder of title | a detailed discussion of the surface, resources, climate, plants, animals, and human geography including the history of the area / |
| Statement of responsibility, etc. | by Stephen Sargent Visher. |
| 260 ## - PUBLICATION, DISTRIBUTION, ETC. | |
| Place of publication, distribution, etc. | Vermilion, SD : |
| Name of publisher, distributor, etc. | University of South Dakota, |
| Date of publication, distribution, etc. | 1918. |
| 300 ## - PHYSICAL DESCRIPTION | |
| Extent | 189 p. : |
| Other physical details | ill. ; |
| Dimensions | 22 cm. |
| 490 1# - SERIES STATEMENT | |
| Series statement | South Dakota Geological Survey. Bulletin ; |
| Volume/sequential designation | no. 8 |
| 502 ## - DISSERTATION NOTE | |
| Dissertation note | With Report of the State Geologist, 1916-1918. |
| 651 #0 - SUBJECT ADDED ENTRY--GEOGRAPHIC NAME | |
| Geographic name | South Dakota |
| General subdivision | Description and travel. |
| 651 #0 - SUBJECT ADDED ENTRY--GEOGRAPHIC NAME | |
| Geographic name | South Dakota |
| General subdivision | History. |
| 650 #0 - SUBJECT ADDED ENTRY--TOPICAL TERM | |
| Topical term or geographic name entry element | Geology |
| Geographic subdivision | South Dakota. |
| 710 1# - ADDED ENTRY--CORPORATE NAME | |
| Corporate name or jurisdiction name as entry element | South Dakota State Geological Survey. |
| Title of a work | Report of the State Geologist, 1916-1918. |
| 830 #0 - SERIES ADDED ENTRY--UNIFORM TITLE | |
| Uniform title | Bulletin (South Dakota Geological Survey) ; |
| Volume/sequential designation | no. 8. |
No items available.